Wanted: 'Czar' for rural flood action (Record no. 69420)
[ view plain ]
| 000 -LEADER | |
|---|---|
| fixed length control field | 00923cam a2200229 4500 |
| 001 - CONTROL NUMBER | |
| control field | WB3804-09 |
| 008 - FIXED-LENGTH DATA ELEMENTS--GENERAL INFORMATION | |
| fixed length control field | 020131n2002 000 0 eng u |
| 035 ## - SYSTEM CONTROL NUMBER | |
| System control number | (Sirsi) u116577 |
| 245 ## - TITLE STATEMENT | |
| Title | Wanted: 'Czar' for rural flood action |
| 260 ## - PUBLICATION, DISTRIBUTION, ETC. | |
| Date of publication, distribution, etc. | 2002 |
| 490 ## - SERIES STATEMENT | |
| Series statement | Farmers' Weekly |
| Volume/sequential designation | 136(4) 25 January 2002, 1(1) |
| 520 ## - SUMMARY, ETC. | |
| Summary, etc. | Peter Faulkner, president of RICS, calls for the appointment of a 'flood czar' to co-ordinate the battle against flooding. At present, flood management policy is the responsibility of the Environment Agency, water companies and over 200 drainage boards which the president feels is inefficient and wastes resources. |
| 590 ## - LOCAL NOTE (RLIN) | |
| Local note | WB |
| 650 ## - SUBJECT ADDED ENTRY--TOPICAL TERM | |
| Topical term or geographic name entry element | FLOODING |
| 650 ## - SUBJECT ADDED ENTRY--TOPICAL TERM | |
| Topical term or geographic name entry element | RICS |
| 650 ## - SUBJECT ADDED ENTRY--TOPICAL TERM | |
| Topical term or geographic name entry element | ENVIRONMENT AGENCY |
| 650 ## - SUBJECT ADDED ENTRY--TOPICAL TERM | |
| Topical term or geographic name entry element | WATER COMPANIES |
| 650 ## - SUBJECT ADDED ENTRY--TOPICAL TERM | |
| Topical term or geographic name entry element | FLOOD PREVENTION |
| 650 ## - SUBJECT ADDED ENTRY--TOPICAL TERM | |
| Topical term or geographic name entry element | FLOOD MANAGEMENT |
| 690 ## - LOCAL SUBJECT ADDED ENTRY--TOPICAL TERM (OCLC, RLIN) | |
| Topical term or geographic name as entry element | ENVIRONMENTAL AND LAND CONSULTANCY-ENVIRONMENTAL MANAGEMENT |
| 942 ## - ADDED ENTRY ELEMENTS (KOHA) | |
| Suppress in OPAC | 0 |
| Withdrawn status | Lost status | Source of classification or shelving scheme | Damaged status | Not for loan | Home library | Current library | Shelving location | Date acquired | Total Checkouts | Full call number | Barcode | Date last seen | Copy number | Price effective from | Koha item type |
|---|---|---|---|---|---|---|---|---|---|---|---|---|---|---|---|
| Dewey Decimal Classification | London | London | News article | 31/01/2002 | WB3804-09 | 116577-1001 | 06/08/2019 | 1 | 06/08/2019 | News article |